000 00294nam a22001337a 4500
008 170401b xxu||||| |||| 00| 0 eng d
020 _a2801416061757
041 _aeng
080 _23RD
_a617
100 _a8
101 _aSHM
245 _aOPHTHALMOLOGY
_cFRIEDMAN, N.J
942 _2udc
_cBK
999 _c9372
_d9372